| 000 | 00530nam a2200169 i 4500 | ||
|---|---|---|---|
| 001 | bg | ||
| 245 | 0 |
_aDynamic characteristics of a full-scale seven-story reinforced concrete building - Part of the U.S.-Japan cooperative Research Program / _cby Yoshikazu Kitagawa [et al.]. |
|
| 260 |
_aTokyo, _c1984. |
||
| 490 | 1 |
_aResearch Paper ; _vno. 108 |
|
| 700 | 1 | _aKitagawa, Yoshikazu. | |
| 830 | _aResearch Paper ; | ||
| 040 | _cBPK | ||
| 041 | _apol | ||
| 080 | _a624 | ||
| 942 | _cKS | ||
| 008 | s pl f |000 0 pol | ||
| 999 |
_c23228 _d23228 |
||
| 856 |
_uhttp://koha.tu.koszalin.pl/cgi-bin/koha/opac-detail.pl?biblionumber=23228 _yKatalog online BPK |
||